| 000 | 01820nam a2200409 c 4500 | ||
|---|---|---|---|
| 003 | BLK | ||
| 005 | 20240315005321.0 | ||
| 008 | 180408b bul|||||r ||||||| ||bul|| | ||
| 010 | _aKNG00044876000 | ||
| 020 |
_a978-954-509-460-6 _bиздат.: Воен. изд. |
||
| 040 | _aBLK | ||
| 041 |
_aBUL _cBUL |
||
| 072 | 7 |
_2bullib _aН32 _xПолитика Н |
|
| 080 |
_aЕвропейски съюз - политически аспекти _b327.7:061.1ЕС _x _z327.7:061.1ЕС |
||
| 080 |
_aМеждународни политически отношения. Световна политика. Международна политика. Дипломация _b327 _x(4) _z327(4) |
||
| 100 | 1 |
_aКатранджиев, Валентин Иванов _eпърви автор _9277667 |
|
| 139 |
_aКатранджиев, Валентин _bК 46 |
||
| 245 | 1 | 0 |
_aВъншната политика на Европейския съюз _cВалентин Иванов Катранджиев. |
| 257 | _aBGR | ||
| 260 |
_аСофия _bВоен. изд. _c2011 |
||
| 300 |
_a272 с. _bс ил. _c24 см |
||
| 380 | _a3 | ||
| 500 | _aСъдържа и за авт. - Библиогр. след отд. гл. - Рез. на англ. ез. | ||
| 650 | 4 |
_aЕвропейски съюз - външна политика _9265350 |
|
| 650 | 0 |
_aМеждународни отношения _9245477 |
|
| 651 | 4 |
_aЕвропейски съюз _9258188 |
|
| 653 | _aЕвропейски съюз | ||
| 653 | _aвъншна политика | ||
| 653 | _aмеждународни отношения | ||
| 659 | _aН | ||
| 852 | _aЦб 254150 | ||
| 856 | 4 |
_qpdf _u |
|
| 856 | 4 |
_qpdf _u |
|
| 942 |
_cKNG _n0 |
||
| 944 |
_aCR _c22.12.2011 _lCRON CRON _k |
||
| 944 |
_aED _c20.06.2013 _lф / _k |
||
| 999 |
_c41316 _d41316 |
||